|
|
|
|
| LEADER |
00926nam a2200265 a 4500 |
| 001 |
7582 |
| 003 |
BD-DhAAL |
| 005 |
20150625100747.0 |
| 008 |
150625s2002 enka b 001 0 eng |
| 010 |
|
|
|a 2002283596
|
| 020 |
|
|
|a 0192854216
|
| 040 |
|
|
|a UKM
|c UKM
|d ORU
|d DLC
|d BD-DhAAL
|
| 050 |
0 |
0 |
|a B74
|b .C83 2002
|
| 082 |
|
|
|a 100
|
| 100 |
1 |
|
|a Craig, Edward.
|9 12427
|
| 245 |
1 |
0 |
|a Philosophy :
|b a very short introduction /
|c Edward Craig.
|
| 260 |
|
|
|a Oxford ;
|a New York :
|b Oxford University Press,
|c c2002.
|
| 300 |
|
|
|a 132 p. :
|b ill. ;
|c 18 cm.
|
| 440 |
|
0 |
|a Very short introductions ;
|v 55
|9 12428
|
| 504 |
|
|
|a Includes bibliographical references (p. 119-125) index.
|
| 541 |
|
|
|e 7582
|
| 650 |
|
0 |
|a Philosophy.
|9 12429
|
| 942 |
|
|
|2 ddc
|c BK
|
| 999 |
|
|
|c 34830
|d 34830
|
| 952 |
|
|
|0 0
|1 0
|2 ddc
|4 0
|6 100_000000000000000_CRA
|7 0
|9 54505
|a SCL
|b SCL
|c GEN
|d 2015-06-25
|g 300.00
|l 7
|m 21
|o 100 CRA
|p 3020007582
|r 2025-03-06
|s 2025-03-04
|t 1
|w 2015-06-25
|y BK
|